|
|
|
|
| LEADER |
02130cas a2200241 a 4500 |
| 001 |
AALejournalIMF013049 |
| 008 |
230101c9999 xx r poo 0 0eng d |
| 020 |
|
|
|c 50.00 USD
|
| 020 |
|
|
|z 9781616353902
|
| 022 |
|
|
|a 1729-701X
|
| 040 |
|
|
|a BD-DhAAL
|c BD-DhAAL
|
| 110 |
2 |
|
|a International Monetary Fund.
|b Monetary and Capital Markets Department.
|
| 245 |
1 |
0 |
|a Global Financial Stability Report, October 2012 :
|b Summary version.
|
| 264 |
|
1 |
|a Washington, D.C. :
|b International Monetary Fund,
|c 2012.
|
| 300 |
|
|
|a 1 online resource (200 pages)
|
| 490 |
1 |
|
|a Global Financial Stability Report
|
| 500 |
|
|
|a <strong>Off-Campus Access:</strong> No User ID or Password Required
|
| 500 |
|
|
|a <strong>On-Campus Access:</strong> No User ID or Password Required
|
| 506 |
|
|
|a Electronic access restricted to authorized BRAC University faculty, staff and students
|
| 520 |
3 |
|
|a The October 2012 Global Financial Stability Report (GFSR) finds increased risks to the global financial system, with the euro area crisis the principal source of concern, and urges policymakers to act now to restore confidence, reverse capital flight, and reintegrate the euro zone. This GFSR presents a report on whether regulatory reforms are moving the financial system in the right direction, and finds that progress has been limited, partly because many reforms are in the early stages of implementation and partly because crisis intervention methods are still in use in a number of economies, delaying the movement of the financial system onto a safer path. The final chapter examines whether certain aspects of financial structure enhance economic outcomes. Indeed, some structural features are associated with better outcomes. In particular, financial buffers made up of high-quality capital and truly liquid assets tend to be associated with better economic performance.
|
| 538 |
|
|
|a Mode of access: Internet
|
| 830 |
|
0 |
|a Global Financial Stability Report; Global Financial Stability Report ;
|v No. 2012/002
|
| 856 |
4 |
0 |
|z Full text available on IMF
|u http://elibrary.imf.org/view/books/082/12744-9781616353902-en/12744-9781616353902-en-book.xml
|z IMF e-Library
|